Global biodiversity outlook 4 : (Registro nro. 17758)

Detalles MARC
000 -CABECERA
Campo de control 01406cam a22003375i 4500
005 - FECHA Y HORA DE LA ULTIMA TRANSACCION
Campo de control 20180803170154.0
008 - ELEMENTOS DE LONGITUD FIJA—INFORMACION GENERAL
Campo de control 141204s2014 qucab b i000 0 eng
020 ## - ISBN
ISBN 9292255398
040 ## - FUENTE DE CATALOGACIÓN
Agencia catalogadora original DLC
Agencia transcriptora DLC
Agencia Modificadora DLC
-- CO-BoIAVH
041 0# - IDIOMA
Código de idioma para texto/pista de sonido o título separado Inglés
044 ## - PAÍS DE PUBLICACIÓN
País de publicación Canadá
082 04 - NUMERO DE CLASIFICACION DECIMAL DEWEY
Número de clasificación 577.1076
Número del ítem S44g
245 00 - MENCION DE TITULO
Título Global biodiversity outlook 4 :
Parte restante del título a mid-term assessment of progress towards the implementation of the strategic plan for biodiversity 2011-2020.
246 3# - FORMA VARIANTE DEL TITULO
Título propiamente dicho/forma breve del título Global biodiversity outlook four
246 1# - FORMA VARIANTE DEL TITULO
Título propiamente dicho/forma breve del título GBO-4
260 ## - PUBLICACION, DISTRIBUCION, ETC. (PIE DE IMPRENTA)
Lugar de publicación, distribución, etc. Montreal (Canadá):
Nombre del editor, distribuidor, etc. Secretaria sobre el convenio de la diversidad biológica,
Fecha de publicación, distribución, etc. 2014.
300 ## - DESCRIPCION FISICA
Extensión 155 páginas :
Otros detalles físicos ilustraciones y mapas a color ;
Dimensiones 28 cm.
500 ## - NOTA GENERAL
Nota general "UNEP; Convenio sobre la diversidad biológica."
504 ## - NOTA DE BIBLIOGRAFIA, ETC.
Nota de bibliografía Incluye referencias bibliográficas.
650 #6 - ASIENTO SECUNDARIO DE MATERIA - TERMINO TEMATICO
Término temático o nombre geográfico como elemento de entrada Conservación de la diversidad biológica
9 (RLIN) 38388
650 #6 - ASIENTO SECUNDARIO DE MATERIA - TERMINO TEMATICO
Término temático o nombre geográfico como elemento de entrada Conservation of biological diversity
9 (RLIN) 38389
650 #6 - ASIENTO SECUNDARIO DE MATERIA - TERMINO TEMATICO
Término temático o nombre geográfico como elemento de entrada Diversidad Biologica
Subdivisión de forma Convención
9 (RLIN) 38390
650 #6 - ASIENTO SECUNDARIO DE MATERIA - TERMINO TEMATICO
Término temático o nombre geográfico como elemento de entrada Biodiversity
Subdivisión de forma Convention
9 (RLIN) 38391
650 #6 - ASIENTO SECUNDARIO DE MATERIA - TERMINO TEMATICO
Término temático o nombre geográfico como elemento de entrada Planes de acción en biodiversidad
9 (RLIN) 17370
650 #6 - ASIENTO SECUNDARIO DE MATERIA - TERMINO TEMATICO
Término temático o nombre geográfico como elemento de entrada Biodiversity Action Plans
9 (RLIN) 38392
650 #6 - ASIENTO SECUNDARIO DE MATERIA - TERMINO TEMATICO
Término temático o nombre geográfico como elemento de entrada Evaluación de la biodiversidad
9 (RLIN) 18267
650 #6 - ASIENTO SECUNDARIO DE MATERIA - TERMINO TEMATICO
Término temático o nombre geográfico como elemento de entrada Evaluation of biodiversity
9 (RLIN) 38393
710 2# - ASIENTO SECUNDARIO - NOMBRE CORPORATIVO
Nombre corporativo o de jurisdicción como elemento de entrada Secretariat of the Convention on Biological Diversity.
9 (RLIN) 101048
710 2# - ASIENTO SECUNDARIO - NOMBRE CORPORATIVO
Nombre corporativo o de jurisdicción como elemento de entrada United Nations Environment Programme.
9 (RLIN) 8871
942 ## - ELEMENTOS ADICIONALES (KOHA)
Sistema de clasificación Dewey Decimal Classification
Tipo de ítem Libro
Existencias
Withdrawn status Lost status Sistema de Clasificación Damaged status No para préstamo Colección Inventariado Ubicación Permanente Ubicación actual Fecha de adquisición Fuente de Valor Valor Total Checkouts Número topográfico Inventario / Código de Barras Date last seen Ejemplar Price effective from Forma de adquisición Tipo de material
    Dewey Decimal Classification     General Inventariado 2017 Bogotá Bogotá 07/09/2015 Instituto 39000.00   LB-577.1076 S44g 039218 07/09/2015 Ej. 1 07/09/2015   Libro